[Event "RUS-ch Blitz Women 2018"]
[Site "Sochi"]
[Date "2018.10.07"]
[Round "6"]
[White "Chernyak, Viktoria"]
[Black "Ivanova, Karina"]
[Result "1/2-1/2"]
[WhiteElo "2200"]
[BlackElo "2124"]
[Annotator "NA"]
[PlyCount "71"]
[EventDate "2018.10.07"]
[EventType "swiss"]
[EventCountry "RUS"]
[SourceTitle "playchess.com"]
[Source "ChessBase"]
[SourceQuality "1"]
[TimeControl "180+2"]

1. d4 {[%emt 0:00:00]} Nf6 {[%emt 0:00:00]} 2. c4 {[%emt 0:00:00]} e6 {[%emt 0:00:00]} 3. Nf3 {[%emt 0:00:01]} b6 {[%emt 0:00:01]} 4. g3 {[%emt 0:00:04]} Bb7 {[%emt 0:00:02]} 5. Bg2 {[%emt 0:00:01]} Be7 {[%emt 0:00:01]} 6. O-O {[%emt 0:00:02]} O-O {[%emt 0:00:03]} 7. Nc3 {[%emt 0:00:02]} Ne4 {[%emt 0:00:01]} 8. Qc2 {[%emt 0:00:09]} Nxc3 {[%emt 0:00:02]} 9. Qxc3 {[%emt 0:00:02]} c5 {[%emt 0:00:02]} 10. e3 {[%emt 0:00:15]} Bf6 {[%emt 0:00:14]} 11. b3 {[%emt 0:00:16]} d6 {[%emt 0:00:08]} 12. Bb2 {[%emt 0:00:02]} Qc7 {[%emt 0:00:03]} 13. Qc2 {[%emt 0:00:09]} Nd7 {[%emt 0:00:14]} 14. Rfd1 {[%emt 0:00:04]} Rfd8 {[%emt 0:00:14]} 15. Rac1 {[%emt 0:00:01]} Rac8 {[%emt 0:00:02]} 16. Qe2 {[%emt 0:00:08]} Be4 {[%emt 0:00:04]} 17. Bh3 {[%emt 0:00:25]} Qb7 {[%emt 0:00:07]} 18. Nd2 {[%emt 0:00:02]} Bc6 19. f3 {[%emt 0:00:09]} cxd4 {[%emt 0:00:22]} 20. Bxd4 {[%emt 0:00:15]} Bxd4 {[%emt 0:00:09]} 21. exd4 {[%emt 0:00:01]} d5 {[%emt 0:00:12]} 22. Bg2 {[%emt 0:00:10]} dxc4 {[%emt 0:00:05]} 23. Nxc4 {[%emt 0:00:04]} Qb8 {[%emt 0:00:16]} 24. Ne5 {[%emt 0:00:07]} Nxe5 {[%emt 0:00:05]} 25. dxe5 {[%emt 0:00:02]} Rxd1+ {[%emt 0:00:05]} 26. Rxd1 {[%emt 0:00:02]} Bd5 {[%emt 0:00:04]} 27. h4 {[%emt 0:00:25]} h6 {[%emt 0:00:06]} 28. Kh2 {[%emt 0:00:03]} Qc7 {[%emt 0:00:02]} 29. Rd2 {[%emt 0:00:02]} Qc3 {[%emt 0:00:05]} 30. Rd3 {[%emt 0:00:08]} Qa1 {[%emt 0:00:05]} 31. Rd1 {[%emt 0:00:02]} Qc3 {[%emt 0:00:05]} 32. Rd3 {[%emt 0:00:01]} Qb4 {[%emt 0:00:06]} 33. Rd2 {[%emt 0:00:04]} Rc1 {[%emt 0:00:03]} 34. Rd1 {[%emt 0:00:09]} Qc5 {[%emt 0:00:08]} 35. Rxc1 {[%emt 0:00:07]} Qxc1 {[%emt 0:00:02]} 36. f4 {[%emt 0:00:01]} 1/2-1/2

[Event "RUS-ch Blitz Women 2018"]
[Site "Sochi"]
[Date "2018.10.07"]
[Round "6"]
[White "Sirotkina, Nina"]
[Black "Tomilova, Elena"]
[Result "1-0"]
[WhiteElo "2188"]
[BlackElo "2328"]
[Annotator "NA"]
[PlyCount "103"]
[EventDate "2018.10.07"]
[EventType "swiss"]
[EventCountry "RUS"]
[SourceTitle "playchess.com"]
[Source "ChessBase"]
[SourceQuality "1"]
[TimeControl "180+2"]

1. d4 {[%emt 0:00:00]} d5 {[%emt 0:00:00]} 2. Bf4 {[%emt 0:00:00]} Nf6 {[%emt 0:00:01]} 3. e3 {[%emt 0:00:01]} c5 {[%emt 0:00:01]} 4. c3 {[%emt 0:00:01]} Nc6 {[%emt 0:00:03]} 5. Nd2 {[%emt 0:00:01]} e6 {[%emt 0:00:04]} 6. Ngf3 {[%emt 0:00:03]} Be7 {[%emt 0:00:05]} 7. h3 {[%emt 0:00:03]} O-O {[%emt 0:00:15]} 8. Bd3 {[%emt 0:00:01]} c4 {[%emt 0:00:16]} 9. Bc2 {[%emt 0:00:01]} b5 {[%emt 0:00:02]} 10. e4 {[%emt 0:00:05]} a5 {[%emt 0:00:07]} 11. e5 {[%emt 0:00:15]} Nd7 {[%emt 0:00:05]} 12. a3 {[%emt 0:00:03]} Bb7 {[%emt 0:00:10]} 13. O-O {[%emt 0:00:04]} b4 {[%emt 0:00:04]} 14. axb4 {[%emt 0:00:11]} axb4 {[%emt 0:00:01]} 15. Rxa8 {[%emt 0:00:04]} Qxa8 {[%emt 0:00:06]} 16. Ng5 {[%emt 0:00:14]} Bxg5 {[%emt 0:00:19]} 17. Bxg5 {[%emt 0:00:01]} f5 {[%emt 0:00:21]} 18. exf6 {[%emt 0:00:07]} Nxf6 {[%emt 0:00:01]} 19. Qe2 {[%emt 0:00:09]} Bc8 {[%emt 0:00:09]} 20. Nf3 {[%emt 0:00:03]} bxc3 {[%emt 0:00:05]} 21. bxc3 {[%emt 0:00:02]} Qa5 {[%emt 0:00:05]} 22. Qe3 {[%emt 0:00:08]} Ne7 {[%emt 0:00:20]} 23. Ne5 {[%emt 0:00:06]} Nf5 {[%emt 0:00:08]} 24. Bxf5 {[%emt 0:00:16]} exf5 {[%emt 0:00:01]} 25. Nc6 {[%emt 0:00:12]} Qc7 {[%emt 0:00:21]} 26. Bxf6 {[%emt 0:00:18]} gxf6 {[%emt 0:00:04]} 27. Nb4 {[%emt 0:00:08]} Qd6 {[%emt 0:00:05]} 28. Re1 {[%emt 0:00:04]} f4 {[%emt 0:00:09]} 29. Qe7 {[%emt 0:00:07]} Qxe7 {[%emt 0:00:15]} 30. Rxe7 {[%emt 0:00:01]} Rd8 {[%emt 0:00:03]} 31. f3 {[%emt 0:00:14]} Bf5 {[%emt 0:00:02]} 32. Kf2 {[%emt 0:00:07]} Bg6 {[%emt 0:00:03]} 33. Rc7 {[%emt 0:00:10]} Bf7 {[%emt 0:00:05]} 34. Ra7 {[%emt 0:00:04]} Rd6 {[%emt 0:00:06]} 35. g3 {[%emt 0:00:05]} fxg3+ {[%emt 0:00:02]} 36. Kxg3 {[%emt 0:00:01]} Kg7 {[%emt 0:00:01]} 37. h4 {[%emt 0:00:01]} h5 {[%emt 0:00:02]} 38. Kf4 {[%emt 0:00:02]} Kg6 {[%emt 0:00:02]} 39. Nc2 {[%emt 0:00:05]} Rd8 {[%emt 0:00:03]} 40. Ne3 {[%emt 0:00:03]} Be6 {[%emt 0:00:01]} 41. Ra6 {[%emt 0:00:02]} Re8 {[%emt 0:00:02]} 42. Rd6 {[%emt 0:00:03]} Bf7 {[%emt 0:00:03]} 43. Nxd5 {[%emt 0:00:02]} Bxd5 {[%emt 0:00:02]} 44. Rxd5 {[%emt 0:00:01]} Re2 {[%emt 0:00:02]} 45. Rc5 {[%emt 0:00:01]} Rh2 {[%emt 0:00:03]} 46. Kg3 {[%emt 0:00:01]} Rd2 {[%emt 0:00:02]} 47. Rxc4 {[%emt 0:00:01]} Rd3 {[%emt 0:00:03]} 48. Rc5 {[%emt 0:00:01]} f5 {[%emt 0:00:02]} 49. Kf4 {[%emt 0:00:02]} Rd1 {[%emt 0:00:02]} 50. Rc6+ {[%emt 0:00:01]} Kg7 {[%emt 0:00:02]} 51. Kxf5 {[%emt 0:00:01]} Rh1 {[%emt 0:00:01]} 52. Ke4 1-0

[Event "RUS-ch Blitz Women 2018"]
[Site "Sochi"]
[Date "2018.10.07"]
[Round "6"]
[White "Vinokur, Yuliya"]
[Black "Bivol, Alina"]
[Result "1-0"]
[WhiteElo "2170"]
[BlackElo "2403"]
[Annotator "NA"]
[PlyCount "72"]
[EventDate "2018.10.07"]
[EventType "swiss"]
[EventCountry "RUS"]
[SourceTitle "playchess.com"]
[Source "ChessBase"]
[SourceQuality "1"]
[TimeControl "180+2"]

1. d4 {[%emt 0:00:00]} Nf6 {[%emt 0:00:00]} 2. c4 {[%emt 0:00:01]} g6 {[%emt 0:00:00]} 3. Nc3 {[%emt 0:00:01]} Bg7 {[%emt 0:00:00]} 4. e4 {[%emt 0:00:01]} d6 {[%emt 0:00:01]} 5. Nf3 {[%emt 0:00:01]} O-O {[%emt 0:00:01]} 6. Be2 {[%emt 0:00:02]} Bg4 {[%emt 0:00:01]} 7. O-O {[%emt 0:00:01]} Nc6 {[%emt 0:00:08]} 8. d5 {[%emt 0:00:07]} Na5 {[%emt 0:00:06]} 9. Nd2 {[%emt 0:00:25]} Bxe2 {[%emt 0:00:04]} 10. Qxe2 {[%emt 0:00:02]} c5 {[%emt 0:00:01]} 11. Rb1 {[%emt 0:00:04]} b6 {[%emt 0:00:20]} 12. f4 {[%emt 0:00:02]} Nd7 {[%emt 0:00:01]} 13. Nf3 {[%emt 0:00:01]} Qc8 {[%emt 0:00:07]} 14. Be3 {[%emt 0:00:08]} Qa6 {[%emt 0:00:09]} 15. Nb5 {[%emt 0:00:11]} Qb7 {[%emt 0:00:01]} 16. Bf2 {[%emt 0:00:23]} a6 {[%emt 0:00:01]} 17. Nc3 {[%emt 0:00:01]} Rab8 {[%emt 0:00:17]} 18. e5 {[%emt 0:00:02]} b5 {[%emt 0:00:40]} 19. e6 {[%emt 0:00:11]} Nf6 {[%emt 0:00:17]} 20. exf7+ {[%emt 0:00:02]} Kh8 {[%emt 0:00:11]} 21. b3 {[%emt 0:00:11]} Ng4 {[%emt 0:00:12]} 22. Be1 {[%emt 0:00:17]} Qd7 {[%emt 0:00:18]} 23. Ne4 {[%emt 0:00:09]} Nb7 {[%emt 0:00:04]} 24. Nfg5 {[%emt 0:00:11]} Nd8 {[%emt 0:00:05]} 25. Ne6 {[%emt 0:00:08]} Bd4+ {[%emt 0:00:14]} 26. Kh1 {[%emt 0:00:01]} Rxf7 {[%emt 0:00:22]} 27. Qxg4 {[%emt 0:00:02]} Rf5 {[%emt 0:00:02]} 28. N4g5 {[%emt 0:00:04]} Nxe6 {[%emt 0:00:03]} 29. dxe6 {[%emt 0:00:09]} Qc6 {[%emt 0:00:03]} 30. Qh4 {[%emt 0:00:05]} h5 {[%emt 0:00:04]} 31. Nf7+ {[%emt 0:00:04]} Kg7 {[%emt 0:00:02]} 32. Qxe7 Rb7 33. Qxd6 {[%emt 0:00:13]} Qe4 {[%emt 0:00:02]} 34. Bh4 {[%emt 0:00:12]} bxc4 {[%emt 0:00:01]} 35. Rbe1 {[%emt 0:00:03]} Qd3 {[%emt 0:00:06]} 36. e7 {[%emt 0:00:06]} Rxe7 {[%emt 0:00:08]} 1-0

[Event "RUS-ch Blitz Women 2018"]
[Site "Sochi"]
[Date "2018.10.07"]
[Round "6"]
[White "Goltseva, Ekaterina"]
[Black "Dordzhieva, Dinara"]
[Result "0-1"]
[WhiteElo "2169"]
[BlackElo "2340"]
[Annotator "NA"]
[PlyCount "96"]
[EventDate "2018.10.07"]
[EventType "swiss"]
[EventCountry "RUS"]
[SourceTitle "playchess.com"]
[Source "ChessBase"]
[SourceQuality "1"]
[TimeControl "180+2"]

1. d4 {[%emt 0:00:00]} d5 {[%emt 0:00:00]} 2. c4 {[%emt 0:00:01]} e6 {[%emt 0:00:00]} 3. Nf3 {[%emt 0:00:03]} Nf6 {[%emt 0:00:00]} 4. e3 {[%emt 0:00:00]} c5 {[%emt 0:00:03]} 5. cxd5 {[%emt 0:00:07]} Nxd5 {[%emt 0:00:17]} 6. Nc3 {[%emt 0:00:37]} cxd4 {[%emt 0:00:01]} 7. exd4 {[%emt 0:00:13]} Nc6 {[%emt 0:00:06]} 8. Bd3 {[%emt 0:00:11]} Be7 {[%emt 0:00:02]} 9. O-O {[%emt 0:00:03]} O-O {[%emt 0:00:12]} 10. Ne4 {[%emt 0:00:19]} Nf6 {[%emt 0:00:08]} 11. Nc3 {[%emt 0:00:23]} Nb4 {[%emt 0:00:07]} 12. Bb1 {[%emt 0:00:08]} Nbd5 {[%emt 0:00:00]} 13. Qd3 {[%emt 0:00:11]} g6 {[%emt 0:00:06]} 14. Bd2 {[%emt 0:00:05]} b6 {[%emt 0:00:01]} 15. a3 {[%emt 0:00:09]} Bb7 {[%emt 0:00:01]} 16. Ba2 {[%emt 0:00:07]} Rc8 {[%emt 0:00:03]} 17. Rac1 {[%emt 0:00:01]} Re8 {[%emt 0:00:14]} 18. Ne2 {[%emt 0:00:06]} Bf8 {[%emt 0:00:04]} 19. Ne5 {[%emt 0:00:05]} Bg7 {[%emt 0:00:04]} 20. Bc4 {[%emt 0:00:12]} Qd6 {[%emt 0:00:14]} 21. Rfd1 {[%emt 0:00:07]} Nc7 {[%emt 0:00:07]} 22. Bf4 {[%emt 0:00:05]} Qe7 {[%emt 0:00:07]} 23. Nc3 {[%emt 0:00:08]} a6 {[%emt 0:00:05]} 24. Qe2 {[%emt 0:00:03]} b5 {[%emt 0:00:02]} 25. Bd3 {[%emt 0:00:01]} Ncd5 {[%emt 0:00:01]} 26. Bg5 {[%emt 0:00:09]} Nxc3 {[%emt 0:00:16]} 27. bxc3 Qd6 28. Qb2 {[%emt 0:00:10]} Nd5 {[%emt 0:00:08]} 29. c4 {[%emt 0:00:03]} Nf6 {[%emt 0:00:15]} 30. cxb5 {[%emt 0:00:04]} Qd5 {[%emt 0:00:05]} 31. Nf3 {[%emt 0:00:04]} a5 {[%emt 0:00:16]} 32. Bf1 {[%emt 0:00:02]} Ne4 {[%emt 0:00:02]} 33. Be3 {[%emt 0:00:02]} Nd6 {[%emt 0:00:23]} 34. a4 {[%emt 0:00:01]} Nc4 {[%emt 0:00:04]} 35. Qb3 {[%emt 0:00:04]} Nxe3 {[%emt 0:00:02]} 36. Qxe3 {[%emt 0:00:01]} Qa2 {[%emt 0:00:02]} 37. Rxc8 {[%emt 0:00:06]} Rxc8 {[%emt 0:00:00]} 38. Rc1 {[%emt 0:00:01]} Rd8 {[%emt 0:00:22]} 39. Rc7 {[%emt 0:00:01]} Bd5 {[%emt 0:00:10]} 40. Ng5 {[%emt 0:00:01]} e5 {[%emt 0:00:02]} 41. dxe5 {[%emt 0:00:02]} Qa1 {[%emt 0:00:01]} 42. Rc1 {[%emt 0:00:04]} Qb2 {[%emt 0:00:02]} 43. Re1 {[%emt 0:00:03]} h6 {[%emt 0:00:03]} 44. Nf3 {[%emt 0:00:01]} Re8 {[%emt 0:00:00]} 45. Qd4 {[%emt 0:00:02]} Qa2 {[%emt 0:00:02]} 46. Rd1 {[%emt 0:00:02]} Bxf3 {[%emt 0:00:02]} 47. gxf3 {[%emt 0:00:01]} Bxe5 {[%emt 0:00:01]} 48. Qd5 {[%emt 0:00:03]} Qb2 {[%emt 0:00:04]} 0-1

[Event "RUS-ch Blitz Women 2018"]
[Site "Sochi"]
[Date "2018.10.07"]
[Round "7"]
[White "Kashlinskaya, Alina"]
[Black "Markelova, Lubov"]
[Result "1/2-1/2"]
[WhiteElo "2447"]
[BlackElo "2190"]
[Annotator "RC"]
[PlyCount "92"]
[EventDate "2018.10.07"]
[EventType "swiss"]
[EventCountry "RUS"]
[SourceTitle "playchess.com"]
[Source "ChessBase"]
[SourceQuality "1"]
[TimeControl "180+2"]

1. d4 {[%emt 0:00:00]} d5 {[%emt 0:00:00]} 2. c4 {[%emt 0:00:00]} c6 {[%emt 0:00:00]} 3. cxd5 {[%emt 0:00:00]} cxd5 {[%emt 0:00:00]} 4. Bg5 {[%emt 0:00:01]} Nc6 {[%emt 0:00:06]} 5. Nc3 {[%emt 0:00:01]} Nf6 {[%emt 0:00:07]} 6. Bxf6 {[%emt 0:00:02]} exf6 {[%emt 0:00:01]} 7. e3 {[%emt 0:00:04]} Bb4 {[%emt 0:00:06]} 8. Rc1 {[%emt 0:00:04]} O-O {[%emt 0:00:03]} 9. Bd3 {[%emt 0:00:00]} Be6 {[%emt 0:00:10]} 10. Nge2 {[%emt 0:00:01]} g6 {[%emt 0:00:08]} 11. O-O {[%emt 0:00:02]} Bd6 {[%emt 0:00:11]} 12. a3 {[%emt 0:00:18]} Rc8 {[%emt 0:00:09]} 13. Bb1 {[%emt 0:00:02]} Na5 {[%emt 0:00:06]} 14. Ba2 {[%emt 0:00:25]} Nc4 {[%emt 0:00:04]} 15. Bxc4 {[%emt 0:00:16]} Rxc4 {[%emt 0:00:02]} 16. Nb5 {[%emt 0:00:09]} Rxc1 {[%emt 0:00:09]} 17. Qxc1 {[%emt 0:00:04]} Bb8 {[%emt 0:00:03]} 18. Nf4 {[%emt 0:00:05]} Bxf4 {[%emt 0:00:24]} 19. exf4 {[%emt 0:00:01]} a6 {[%emt 0:00:01]} 20. Nc3 {[%emt 0:00:01]} Qc7 {[%emt 0:00:08]} 21. Re1 {[%emt 0:00:01]} Qc4 {[%emt 0:00:06]} 22. Qe3 {[%emt 0:00:05]} b5 {[%emt 0:00:06]} 23. h4 {[%emt 0:00:06]} h5 {[%emt 0:00:04]} 24. Ne2 {[%emt 0:00:12]} Qc2 {[%emt 0:00:17]} 25. Ng3 {[%emt 0:00:06]} Kg7 {[%emt 0:00:20]} 26. Rc1 {[%emt 0:00:14]} Qxb2 {[%emt 0:00:21]} 27. f5 {[%emt 0:00:00]} Bxf5 {[%emt 0:00:13]} 28. Nxf5+ {[%emt 0:00:01]} gxf5 {[%emt 0:00:00]} 29. Rc6 {[%emt 0:00:31]} Qb1+ {[%emt 0:00:05]} 30. Kh2 {[%emt 0:00:01]} Qe4 {[%emt 0:00:04]} 31. Qg3+ {[%emt 0:00:05]} Qg4 {[%emt 0:00:02]} 32. Rxa6 {[%emt 0:00:01]} Qxg3+ 33. Kxg3 {[%emt 0:00:01]} Rc8 {[%emt 0:00:14]} 34. Rd6 {[%emt 0:00:14]} Rc3+ {[%emt 0:00:02]} 35. Kf4 {[%emt 0:00:01]} Rxa3 {[%emt 0:00:03]} 36. Rxd5 {[%emt 0:00:01]} Ra2 {[%emt 0:00:03]} 37. Kg3 {[%emt 0:00:20]} b4 {[%emt 0:00:04]} 38. Rb5 {[%emt 0:00:01]} Ra3+ {[%emt 0:00:04]} 39. Kf4 {[%emt 0:00:01]} Ra2 {[%emt 0:00:03]} 40. f3 {[%emt 0:00:00]} Rxg2 {[%emt 0:00:03]} 41. Rxb4 {[%emt 0:00:01]} Rh2 {[%emt 0:00:03]} 42. Kg3 {[%emt 0:00:01]} Rd2 {[%emt 0:00:02]} 43. Ra4 {[%emt 0:00:08]} Kg6 {[%emt 0:00:01]} 44. Kf4 {[%emt 0:00:10]} Rh2 {[%emt 0:00:02]} 45. Kg3 {[%emt 0:00:01]} Rd2 {[%emt 0:00:01]} 46. Kf4 {[%emt 0:00:00]} Rh2 {[%emt 0:00:01] Ke4} 1/2-1/2

[Event "RUS-ch Blitz Women 2018"]
[Site "Sochi"]
[Date "2018.10.07"]
[Round "7"]
[White "Bodnaruk, Anastasia"]
[Black "Dordzhieva, Dinara"]
[Result "1-0"]
[WhiteElo "2423"]
[BlackElo "2340"]
[Annotator "ChessBase"]
[PlyCount "87"]
[EventDate "2018.10.07"]
[EventType "swiss"]
[EventCountry "RUS"]
[SourceTitle "playchess.com"]
[Source "ChessBase"]
[SourceQuality "1"]
[TimeControl "180+2"]

1. e4 {[%emt 0:00:00]} c5 {[%emt 0:00:00]} 2. b3 {[%emt 0:00:00]} g6 {[%emt 0:00:09]} 3. Bb2 {[%emt 0:00:01]} Nf6 {[%emt 0:00:02]} 4. e5 {[%emt 0:00:05]} Nd5 {[%emt 0:00:01]} 5. h4 {[%emt 0:00:02]} Bg7 {[%emt 0:00:24]} 6. h5 {[%emt 0:00:03]} d6 {[%emt 0:00:07]} 7. Nf3 {[%emt 0:00:06]} Nc6 {[%emt 0:00:02]} 8. Bb5 {[%emt 0:00:02]} Bg4 {[%emt 0:00:02]} 9. Qe2 {[%emt 0:00:36]} a6 {[%emt 0:00:19]} 10. Bxc6+ bxc6 {[%emt 0:00:01]} 11. h6 {[%emt 0:00:19]} Bxe5 {[%emt 0:00:04]} 12. Bxe5 {[%emt 0:00:02]} Bxf3 {[%emt 0:00:08]} 13. gxf3 {[%emt 0:00:19]} dxe5 {[%emt 0:00:03]} 14. Qxe5 {[%emt 0:00:00]} f6 {[%emt 0:00:05]} 15. Qe4 {[%emt 0:00:04]} Qd6 {[%emt 0:00:03]} 16. Na3 {[%emt 0:00:18]} e5 {[%emt 0:00:20]} 17. Nc4 {[%emt 0:00:03]} Qe6 {[%emt 0:00:00]} 18. O-O-O Kf7 19. c3 {[%emt 0:00:20]} Rhe8 {[%emt 0:00:04]} 20. Rhe1 {[%emt 0:00:15]} Rad8 {[%emt 0:00:01]} 21. Kb2 {[%emt 0:00:13]} Nf4 {[%emt 0:00:42]} 22. d4 {[%emt 0:00:02]} cxd4 {[%emt 0:00:01]} 23. cxd4 {[%emt 0:00:01]} Qd5 {[%emt 0:00:19]} 24. dxe5 {[%emt 0:00:21]} Qxe4 {[%emt 0:00:01]} 25. fxe4 {[%emt 0:00:08]} Nd3+ {[%emt 0:00:18]} 26. Rxd3 {[%emt 0:00:01]} Rxd3 {[%emt 0:00:00]} 27. Nd6+ {[%emt 0:00:01]} Rxd6 {[%emt 0:00:01]} 28. exd6 Ke6 29. Rd1 {[%emt 0:00:16]} Rd8 {[%emt 0:00:01]} 30. f4 {[%emt 0:00:00]} Rxd6 {[%emt 0:00:03]} 31. Rc1 {[%emt 0:00:17]} g5 {[%emt 0:00:10]} 32. fxg5 {[%emt 0:00:02]} fxg5 {[%emt 0:00:00]} 33. Rc5 {[%emt 0:00:01]} Rd2+ {[%emt 0:00:13]} 34. Ka3 {[%emt 0:00:00]} g4 {[%emt 0:00:10]} 35. Rxc6+ {[%emt 0:00:06]} Ke5 {[%emt 0:00:01]} 36. Rc7 {[%emt 0:00:02]} g3 {[%emt 0:00:09]} 37. Rxh7 {[%emt 0:00:01]} Rh2 {[%emt 0:00:03]} 38. Rg7 {[%emt 0:00:01]} Kf4 {[%emt 0:00:02]} 39. h7 {[%emt 0:00:02]} Kxe4 {[%emt 0:00:03]} 40. Rxg3 {[%emt 0:00:01]} Rxh7 {[%emt 0:00:01]} 41. Rg6 {[%emt 0:00:01]} Ra7 {[%emt 0:00:02]} 42. Ka4 {[%emt 0:00:03]} a5 {[%emt 0:00:03]} 43. Rg5 {[%emt 0:00:02]} Rb7 {[%emt 0:00:04]} 44. Rxa5 {[%emt 0:00:01] Kd5} 1-0

[Event "RUS-ch Blitz Women 2018"]
[Site "Sochi"]
[Date "2018.10.07"]
[Round "7"]
[White "Shuvalova, Polina"]
[Black "Ambartsumova, Karina"]
[Result "0-1"]
[WhiteElo "2421"]
[BlackElo "2379"]
[Annotator "TA"]
[PlyCount "128"]
[EventDate "2018.10.07"]
[EventType "swiss"]
[EventCountry "RUS"]
[SourceTitle "playchess.com"]
[Source "ChessBase"]
[SourceQuality "1"]

{[%evp 20,128,28,20,64,3,175,-8,71,0,-11,-12,0,-17,0,0,0,0,0,0,0,-18,23,0,0,-56,0,-11,0,-12,0,-46,0,0,0,-53,0,0,0,-110,107,17,73,-38,56,0,0,0,0,-270,-278,-442,-120,-126,-91,-95,-99,-113,-70,-223,-211,-238,-240,-274,-96,-220,-219,-499,-312,-320,-315,-389,-278,-282,-266,-312,-271,-501,-218,-581,-581,-558,-550,-578,-560,-525,-344,-410,0,-489,-495,-742,-547,-641,-619,-672,-646,-666,-671,-792,-747,-2570,-1220,-1164,-1068,-1669,0,-1060,-1031,-29985,-29986]} 1. e4 c5 2. Nf3 a6 3. c3 d5 4. exd5 Qxd5 5. d4 Nf6 6. Be2 Bg4 7. O-O {B28: Sicilian: 2 Nf3 a6 (O'Kelly Variation)} e6 8. h3 Bh5 9. Be3 Nbd7 10. c4 Qd6 11. Nc3 {LiveBook: 3 Games} Be7 (11... cxd4 12. Nxd4 Bxe2 13. Qxe2 Be7 {½-½ (34) Bok,B (2596)-Artemiev,V (2655) Moscow 2017}) 12. d5 (12. dxc5 $14 Qxd1 13. Raxd1 (13. Rfxd1 Bxc5 14. Bf4 O-O $14)) 12... O-O $146 (12... exd5 $1 $11 13. Nxd5 Nxd5 14. Qxd5 (14. cxd5 O-O $11) 14... Qxd5 15. cxd5 Nf6) ({Predecessor:} 12... exd5 13. cxd5 O-O {1-0 (36) Heimrath,R (2208)-Walter,T (2132) Forchheim 2010}) 13. a4 $2 (13. dxe6 $1 $18 fxe6 14. Qxd6 Bxd6 15. g4) 13... Rfd8 (13... exd5 $11 {remains equal.} 14. Nxd5 (14. cxd5 Rfd8 $11) 14... Nxd5 15. Qxd5 Qxd5 16. cxd5 Nf6) 14. Qb3 (14. dxe6 $16 fxe6 15. Qxd6 Bxd6 16. Rfd1) 14... exd5 $11 15. cxd5 Qc7 16. Rfd1 Bd6 17. a5 Bxf3 18. Bxf3 Ne5 19. Be2 Re8 20. Na4 Nfd7 21. Rdc1 Rac8 22. Bc4 ({White should play} 22. Qc3 $11) 22... Ng6 (22... Nxc4 $15 23. Qxc4 Qxa5) 23. Nc3 Re7 24. Rd1 Rce8 25. Rac1 Bh2+ 26. Kh1 {aiming for d6.} Bd6 $1 27. Kg1 Bh2+ (27... Rxe3 $15 28. fxe3 Nf6) 28. Kh1 {Black must now prevent d6.} Bd6 29. Ne2 (29. Kg1 $11 {keeps the balance.}) 29... Nh4 $2 (29... Rxe3 $17 30. fxe3 Nf6) 30. Bd3 (30. Bg5 $16) 30... Ng6 {[#]} (30... Ne5 $11) 31. Bf5 (31. Nd4 $1 $16 {[%mdl 512]}) 31... Nge5 (31... Nf6 $15) 32. Qa4 (32. Ng3 $14) 32... g6 33. Bxd7 Nxd7 34. Qh4 $2 {[%mdl 8192]} (34. Nc3 $11) 34... Re4 $19 (34... Qxa5 35. Nc3 $17) 35. Qh6 (35. g4 {is the only way for White.}) 35... Bf8 $2 (35... R8e5 $19 {has better winning chances.} 36. Nf4 Qd8) 36. Qg5 $17 h6 37. d6 Qxa5 (37... hxg5 $2 {loses.} 38. dxc7 R4e7 39. Nc3 $18 (39. Bxc5 Nxc5 40. Rd8 Rxc7 $18)) 38. Qd5 Qb6 $36 {[%mdl 2048] Black has good play.} 39. Qd2 $2 ({White should try} 39. Nf4 $15 g5 40. Nd3 Bxd6 41. Ne5 R8xe5 42. Qxd6 Qxd6 43. Rxd6) 39... R4e6 $19 40. Nc3 Rxd6 ({Don't take} 40... Qxd6 41. Bxh6 Qxd2 42. Bxd2 $17) 41. Nd5 {[#]} Qd8 $2 (41... Qc6 $1 $19 {is more deadly.} 42. Bf4 Ne5) 42. Qc2 (42. Bf4 $17) 42... b6 {[%cal Bb7b6,Bb6b5][%mdl 32]} 43. Qc4 $2 (43. Nc3) 43... b5 44. Qc2 c4 45. Nc3 Rxd1+ 46. Rxd1 {intending Qd2.} Qc7 47. Qd2 Nc5 48. Bxh6 $2 (48. Nd5 Qd8 49. Bxc5 Bxc5 50. b3) 48... Nd3 (48... Bxh6 $142 49. Qxh6 Nd3) 49. Nd5 $2 (49. Bxf8 {nothing else works.} Kxf8 50. b3) 49... Qe5 50. Bxf8 Rxf8 51. Nc3 Re8 52. Rf1 Qf5 53. Kg1 Qe5 $2 (53... b4 $19 54. Na4 Qd5) 54. Qc2 $2 {[%mdl 8192]} (54. Kh1 $1 $11 b4 55. Na4) 54... b4 55. Nd1 (55. Na4 $142 Qe2 56. Qxe2 Rxe2 57. Rb1) 55... Qd4 56. Qa4 Re6 57. Qa5 Kg7 58. Qc7 b3 59. Ne3 Nxb2 60. Rc1 Rf6 (60... Rxe3 $142 61. fxe3 Qxe3+ 62. Kh2 Qxc1 63. Qe5+ Kh7) 61. Ng4 Rf5 62. Ne3 Rf6 63. Ng4 Qf4 64. Rf1 Qxc7 {Precision: White = 15%, Black = 36%.} 0-1